[Event "ch-FRA Accession 2014"]
[Site "Nimes FRA"]
[Date "2014.08.23"]
[Round "6.15"]
[White "Lazarev, Vladimir"]
[Black "Briet, Antoine"]
[Result "1/2-1/2"]
[WhiteTitle "GM"]
[BlackTitle "FM"]
[WhiteElo "2400"]
[BlackElo "2254"]
[WhiteFideId "4113250"]
[BlackFideId "644641"]
[EventDate "2014.08.17"]

1. Nf3 Nf6 2. c4 g6 3. Nc3 Bg7 4. e4 d6 5. d4 O-O 6. Be2 e5 7. Be3 Ng4 8. Bg5 f6
9. Bh4 g5 10. Bg3 Nc6 11. d5 Ne7 12. Nxg5 Nxf2 13. Bxf2 fxg5 14. O-O Ng6 15. Bg4
Nf4 16. Bxc8 Qxc8 17. c5 Qd7 18. Be3 Rf7 19. c6 bxc6 20. dxc6 Qxc6 21. g3 Nh3+
22. Kg2 Rxf1 23. Qxf1 Qd7 24. Qc4+ Kh8 25. Rf1 Rf8 26. Rxf8+ Bxf8 27. Nd5 c6 28.
Nf6 Qg7 29. Ne8 Qg6 30. Nxd6 Nf4+ 31. Bxf4 exf4 32. Nf5 fxg3 33. hxg3 Qf6 34.
Qb3 Qe5 35. Qc2 h5 36. Qe2 g4 37. Qc2 Bg7 38. Nxg7 Kxg7 39. b4 Qd4 40. a3 Qe3
41. Qb2+ Kg6 42. Qe5 Qe2+ 43. Kg1 Qd1+ 44. Kf2 Qf3+ 45. Ke1 Qe3+ 46. Kd1 Qd3+
47. Ke1 Qe3+ 48. Kd1 Qd3+ 49. Ke1 Qe3+ 1/2-1/2

[Event "ch-FRA Accession 2014"]
[Site "Nimes FRA"]
[Date "2014.08.24"]
[Round "7.1"]
[White "Lagarde, Maxime"]
[Black "Mancini, Mario"]
[Result "1-0"]
[WhiteTitle "GM"]
[BlackTitle "FM"]
[WhiteElo "2534"]
[BlackElo "2209"]
[WhiteFideId "662399"]
[BlackFideId "605077"]
[EventDate "2014.08.17"]

1. e4 e5 2. Nf3 Nc6 3. Bc4 Be7 4. a4 Nf6 5. d3 O-O 6. a5 d5 7. exd5 Nxd5 8. O-O
Bg4 9. Re1 Bf6 10. c3 a6 11. Nbd2 Nf4 12. Ne4 Be7 13. Bxf4 exf4 14. d4 h6 15.
Ned2 Bd6 16. Qc2 Qc8 17. b4 Qf5 18. Bd3 Qh5 19. h3 Bd7 20. Re2 Rfe8 21. Rae1
Rxe2 22. Bxe2 Qf5 23. Bd3 Qh5 24. Be2 Qf5 25. Ne4 Bf8 26. Bd3 Qh5 27. Qd2 f5 28.
Nc5 Bc8 29. Bc4+ Kh7 30. Qa2 Qg6 31. Bf7 Qf6 32. Re8 Bxc5 33. bxc5 Rb8 34. Bg8+
Kg6 35. Be6 Ne7 36. Ne5+ Kg5 37. h4+ Kxh4 38. Rxe7 Bxe6 39. Rxe6 1-0

[Event "ch-FRA Accession 2014"]
[Site "Nimes FRA"]
[Date "2014.08.24"]
[Round "7.2"]
[White "Demuth, Adrien"]
[Black "Buscara, Sevan"]
[Result "1/2-1/2"]
[WhiteTitle "IM"]
[BlackTitle "FM"]
[WhiteElo "2518"]
[BlackElo "2348"]
[WhiteFideId "642274"]
[BlackFideId "650234"]
[EventDate "2014.08.17"]

1. d4 g6 2. c4 Bg7 3. e4 c5 4. d5 d6 5. Nc3 e6 6. Bd3 Nh6 7. Bf4 O-O 8. Qd2 Ng4
9. Nf3 e5 10. Bg5 f6 11. Bh4 Nh6 12. a3 Nd7 13. b4 b6 14. Nxe5 fxe5 15. Bg5 Nf6
16. Bxh6 Bxh6 17. Qxh6 Ng4 18. Qd2 Rxf2 19. Be2 Rxg2 20. O-O-O Nf2 21. Rdg1 Bh3
22. Bf1 Nd3+ 23. Qxd3 Qg5+ 24. Kb1 Rxg1 25. Rxg1 Qxg1 26. Qxh3 Rf8 27. Qe6+ Kg7
28. Qxd6 Qxf1+ 29. Kb2 Qxc4 30. Qxe5+ Kh6 31. h4 Rf2+ 32. Kc1 Qf1+ 33. Nd1 Rg2
34. d6 Qf3 35. Qc3 Qf7 36. Ne3 Rg1+ 37. Kb2 Qf2+ 38. Nc2 Rg3 39. Qe1 Qf3 40. e5
Qd3 1/2-1/2

[Event "ch-FRA Accession 2014"]
[Site "Nimes FRA"]
[Date "2014.08.24"]
[Round "7.3"]
[White "Barbot, Pierre1"]
[Black "Apicella, Manuel"]
[Result "1/2-1/2"]
[WhiteTitle "FM"]
[BlackTitle "GM"]
[WhiteElo "2409"]
[BlackElo "2520"]
[WhiteFideId "663727"]
[BlackFideId "600164"]
[EventDate "2014.08.17"]

1. e4 e6 2. d4 d5 3. Nc3 Bb4 4. e5 Ne7 5. a3 Bxc3+ 6. bxc3 c5 7. Qg4 O-O 8. Bd3
f5 9. exf6 Rxf6 10. Bg5 Rf7 11. Qh5 g6 12. Qd1 Nbc6 13. Nf3 Qf8 14. h4 c4 15.
Be2 h6 16. Bd2 Bd7 17. Qc1 Kh7 18. a4 Ng8 19. Be3 Qd6 20. g3 Raf8 21. Bf4 Rxf4
22. gxf4 Rxf4 23. Qa3 Qxa3 24. Rxa3 Nf6 25. Nd2 Ne7 26. h5 g5 27. Nf1 Nf5 28.
Ng3 Nd6 29. f3 Rh4 30. Kd2 Rxh1 31. Nxh1 Nxh5 32. Nf2 Nf4 33. Ng4 Kg7 34. Ne5
Be8 35. Ra1 Nf7 36. Nxf7 Kxf7 37. a5 Kf6 38. Rb1 Bc6 39. Ke3 h5 40. Rh1 b6 41.
axb6 axb6 42. Ra1 h4 43. Bf1 Be8 44. Kf2 Bg6 45. Ra2 Bf5 46. Rb2 b5 47. Be2 h3
48. Bf1 Bd3 49. Rb1 Bxc2 50. Rxb5 Bd3 51. Bxd3 cxd3 52. Ke3 Ng2+ 53. Kf2 d2 54.
Rb1 Ne1 55. Kg3 Nc2 56. Kf2 Kf5 57. Rh1 Ne1 58. Ke2 h2 59. Rxh2 Nxf3 60. Rh8 g4
61. Rf8+ Kg5 62. Rg8+ Kf4 63. Rf8+ Kg3 64. Rf6 d1=Q+ 65. Kxd1 Kf2 66. Rxe6 g3
67. Re2+ Kf1 68. Re3 Kf2 69. Re2+ Kf1 70. Re3 Kf2 1/2-1/2

[Event "ch-FRA Accession 2014"]
[Site "Nimes FRA"]
[Date "2014.08.24"]
[Round "7.4"]
[White "Velten, Paul"]
[Black "Moussard, Jules"]
[Result "0-1"]
[WhiteTitle "IM"]
[BlackTitle "IM"]
[WhiteElo "2437"]
[BlackElo "2423"]
[WhiteFideId "681091"]
[BlackFideId "642908"]
[EventDate "2014.08.17"]

1. d4 d6 2. Nf3 Bg4 3. e3 Nd7 4. Be2 Ngf6 5. c4 e5 6. Nc3 Be7 7. h3 Bh5 8. O-O
O-O 9. b3 c6 10. Bb2 Re8 11. b4 exd4 12. exd4 c5 13. a3 Rc8 14. Qb3 Qb6 15. Rfd1
d5 16. Qa2 cxb4 17. c5 Nxc5 18. dxc5 Bxc5 19. Na4 Bxf2+ 20. Kf1 Qe6 21. Bxf6 b3
22. Qd2 Rc2 23. Bb2 Rxd2 24. Rxd2 Be3 25. Rd3 Bc1 26. Be5 b2 0-1

[Event "ch-FRA Accession 2014"]
[Site "Nimes FRA"]
[Date "2014.08.24"]
[Round "7.5"]
[White "Battaglini, Gabriel"]
[Black "Bellahcene, Bilel"]
[Result "0-1"]
[WhiteTitle "IM"]
[BlackTitle "FM"]
[WhiteElo "2431"]
[BlackElo "2357"]
[WhiteFideId "621650"]
[BlackFideId "696358"]
[EventDate "2014.08.17"]

1. d4 d5 2. c4 e6 3. Nc3 c6 4. e3 f5 5. Qc2 Nh6 6. Nf3 Bd6 7. b3 Nd7 8. Bb2 O-O
9. h3 a6 10. a4 a5 11. Be2 Kh8 12. g4 dxc4 13. bxc4 Bb4 14. O-O-O Qe7 15. Kb1 b5
16. g5 Nf7 17. Rdg1 bxc4 18. g6 Nd6 19. gxh7 Rb8 20. Ka2 Bxc3 21. Bxc3 Rb3 22.
Qc1 Ne4 23. Bxa5 Ba6 24. Bd1 Nxf2 25. Bxb3 cxb3+ 26. Kb1 Bd3+ 27. Kb2 Be4 28.
Ne1 Nxh1 29. Qd2 Ra8 30. Bb4 c5 31. dxc5 Nxc5 32. a5 Qf6+ 33. Qd4 Qxd4+ 34. exd4
Nd7 35. d5 e5 36. d6 Kxh7 37. Kxb3 Nf2 38. Rg3 Bd5+ 39. Ka4 Ne4 40. Rg1 Ra6 41.
Nd3 Nxd6 42. Rd1 Bc6+ 43. Kb3 Nb7 44. Ra1 Bb5 45. Nb2 Nb8 46. Bc3 Nc6 47. Nc4
Nc5+ 0-1

[Event "ch-FRA Accession 2014"]
[Site "Nimes FRA"]
[Date "2014.08.24"]
[Round "7.6"]
[White "Meunier, Clement2"]
[Black "Navrotescu, Catalin"]
[Result "0-1"]
[BlackTitle "IM"]
[WhiteElo "2219"]
[BlackElo "2406"]
[WhiteFideId "20667930"]
[BlackFideId "1200208"]
[EventDate "2014.08.17"]

1. d4 Nf6 2. c4 c5 3. d5 e6 4. Nc3 exd5 5. cxd5 d6 6. Nf3 a6 7. a4 g6 8. e4 Bg4
9. Be2 Bg7 10. Qb3 Qc7 11. Bf4 Nbd7 12. O-O O-O 13. h3 Bxf3 14. Bxf3 Rfe8 15.
Rfe1 Ne5 16. Be2 Nfd7 17. Qc2 c4 18. Rac1 Rac8 19. Nb1 Qb8 20. Na3 b5 21. axb5
axb5 22. b3 cxb3 23. Qxb3 b4 24. Nb5 Nc5 25. Qb1 b3 26. Rc3 Ned7 27. Re3 Be5 28.
Bxe5 Nxe5 29. Nd4 Qb6 30. Nxb3 Rb8 31. Nd2 Qa5 32. Qc1 Rb4 33. f4 Ned7 34. Nc4
Qc7 35. Qa3 Ra4 36. Qc1 Rxe4 37. Bf1 f5 38. g3 Nf6 39. Nd2 Rxe3 40. Rxe3 Qa7 41.
Kh2 Ra1 42. Qb2 Kf7 43. Qd4 Nce4 44. Qxa7+ Rxa7 45. Nxe4 fxe4 46. g4 Ra4 47. Bg2
Nxd5 48. Rxe4 Rxe4 49. Bxe4 Nxf4 50. Kg3 Ne6 51. Bd5 Kf6 52. h4 h6 53. Kf3 Ke5
54. Ba2 d5 55. Bb1 g5 56. hxg5 hxg5 57. Ke3 Nc5 58. Bf5 Ne4 59. Kd3 Nc5+ 60. Ke3
d4+ 61. Kf3 Kd5 62. Ke2 Kc4 63. Kd2 d3 64. Ke3 Kc3 65. Bxd3 Nxd3 66. Ke4 Nf4 67.
Kf5 Nh3 0-1

[Event "ch-FRA Accession 2014"]
[Site "Nimes FRA"]
[Date "2014.08.24"]
[Round "7.7"]
[White "Fantinel, Thibault"]
[Black "Dionisi, Thomas"]
[Result "1-0"]
[WhiteTitle "FM"]
[BlackTitle "FM"]
[WhiteElo "2272"]
[BlackElo "2400"]
[WhiteFideId "663395"]
[BlackFideId "651893"]
[EventDate "2014.08.17"]

1. c4 g6 2. g3 Bg7 3. Bg2 d6 4. Nc3 e5 5. e4 Nc6 6. Nge2 f5 7. d3 Nf6 8. O-O O-O
9. Nd5 Nh5 10. Be3 f4 11. gxf4 Qh4 12. fxe5 Nxe5 13. f3 Bh3 14. Bf2 Qg5 15. Bg3
Bxg2 16. Kxg2 Qd8 17. Qb3 Qd7 18. c5 Kh8 19. cxd6 Nxg3 20. hxg3 Qxd6 21. d4 Nf7
22. e5 Qd7 23. Ndf4 Ng5 24. Rh1 Qe8 25. Rac1 Rc8 26. Qxb7 Rb8 27. Qxc7 Rxb2 28.
Rc2 Rb6 29. Qxa7 Rc6 30. Qa4 Rxc2 31. Qxc2 Qa8 32. Nxg6+ Kg8 33. Qb3+ Rf7 34.
Ngf4 1-0

[Event "ch-FRA Accession 2014"]
[Site "Nimes FRA"]
[Date "2014.08.24"]
[Round "7.8"]
[White "Le Corre, Benjamin"]
[Black "Wirig, Anthony"]
[Result "0-1"]
[WhiteTitle "FM"]
[BlackTitle "GM"]
[WhiteElo "2266"]
[BlackElo "2506"]
[WhiteFideId "639605"]
[BlackFideId "615013"]
[EventDate "2014.08.17"]

1. e4 c6 2. d4 d5 3. f3 Qb6 4. Nc3 dxe4 5. fxe4 e5 6. Nf3 exd4 7. Nxd4 Bc5 8.
Na4 Qa5+ 9. c3 Bd6 10. Nf3 Be7 11. b4 Qc7 12. g3 Qd8 13. Qc2 Nf6 14. Be3 Bg4 15.
Bg2 Bxf3 16. Bxf3 Nbd7 17. O-O Ne5 18. Bg2 O-O 19. Bd4 Bd6 20. Rf5 Qe7 21. Nc5
b6 22. Nd3 Nfd7 23. Rd1 g6 24. Rff1 Rad8 25. Nxe5 Bxe5 26. a3 Nf6 27. Rfe1 h5
28. Kh1 Kg7 29. Bf3 Rh8 30. Bf2 Qe6 31. c4 Rxd1 32. Rxd1 h4 33. Kg1 hxg3 34.
Bxg3 Bxg3 35. hxg3 Qe5 36. Kg2 c5 37. Qf2 Rc8 38. Qe2 Re8 39. Rd3 a5 40. b5 Re7
41. Kf2 Rd7 42. Rxd7 Nxd7 43. Kg2 Qd4 0-1

[Event "ch-FRA Accession 2014"]
[Site "Nimes FRA"]
[Date "2014.08.24"]
[Round "7.9"]
[White "Song, Julien"]
[Black "Mirimanian, Hayk"]
[Result "1-0"]
[WhiteTitle "IM"]
[WhiteElo "2403"]
[BlackElo "2260"]
[WhiteFideId "659487"]
[BlackFideId "4700180"]
[EventDate "2014.08.17"]

1. d4 d6 2. Nf3 Bg4 3. Qd3 c6 4. Nc3 e6 5. e4 Bxf3 6. Qxf3 d5 7. exd5 cxd5 8.
Bd3 Nc6 9. Ne2 Nf6 10. c3 a6 11. Bf4 Bd6 12. g4 Bxf4 13. Qxf4 h6 14. h4 Qb8 15.
f3 Qxf4 16. Nxf4 e5 17. dxe5 Nxe5 18. Kf2 O-O-O 19. g5 Nxd3+ 20. Nxd3 Nd7 21.
Rae1 Rde8 22. gxh6 gxh6 23. Rhg1 Nf6 24. Rg7 Rxe1 25. Nxe1 Rh7 26. Rxh7 Nxh7 27.
Ke3 Kd7 28. Nd3 Nf8 29. Kf4 Ng6+ 30. Kg4 Kd6 31. Kh5 Ke6 32. Nc5+ Ke5 33. Nxb7
Kf4 34. Nd6 Ne5 35. Kxh6 Kxf3 36. Kg5 Ke3 37. h5 Kd3 38. h6 Ng6 39. Nxf7 Nf8 40.
Kf6 Kc2 41. Kg7 1-0

[Event "ch-FRA Accession 2014"]
[Site "Nimes FRA"]
[Date "2014.08.24"]
[Round "7.10"]
[White "Houriez, Clement"]
[Black "Brochet, Philippe"]
[Result "1/2-1/2"]
[WhiteTitle "FM"]
[BlackTitle "IM"]
[WhiteElo "2295"]
[BlackElo "2400"]
[WhiteFideId "649708"]
[BlackFideId "602469"]
[EventDate "2014.08.17"]

1. d4 d5 2. c4 dxc4 3. Nf3 Nf6 4. e3 Bg4 5. Bxc4 e6 6. Nc3 c5 7. O-O Nc6 8. dxc5
Bxc5 9. a3 O-O 10. b4 Be7 11. Be2 Rc8 12. Bb2 Qc7 13. Rc1 Qb8 14. h3 Bf5 15. Qa4
Nd7 16. Rfd1 Nb6 17. Qb3 a6 18. Na4 Nxa4 19. Qxa4 e5 20. b5 axb5 21. Bxb5 Bf6
22. g4 Be6 23. g5 Be7 24. Bxc6 bxc6 25. Bxe5 Qb3 26. Qxb3 Bxb3 27. Rd3 Bd5 28.
Nd4 Bxg5 29. Rdc3 Ra8 30. Nxc6 Rfe8 31. Bd6 h6 32. Nd4 Kh7 33. Nb5 Re6 34. Bg3
Bd8 35. Nc7 Bxc7 36. Rxc7 Rea6 37. R7c5 Be6 38. Kg2 Rxa3 39. e4 R8a4 40. f3 Rd3
41. Be1 Ra2+ 42. R5c2 Ra8 43. Rc3 Rd6 44. Rc6 Ra2+ 45. R6c2 Raa6 46. Bg3 Rd3 47.
Be1 Bd7 48. h4 Rf6 49. Rf2 Ba4 50. Rc3 Rd1 51. Bd2 Rg6+ 52. Kh2 Rgg1 53. Be3 Bd7
54. Rd2 Rh1+ 55. Kg2 Bh3+ 56. Kg3 Rxd2 57. Bxd2 Be6 58. Rc1 Rh3+ 59. Kg2 Rxh4
60. Rh1 Rxh1 61. Kxh1 g5 62. Kg2 Bc8 63. Kg3 f6 64. Bc3 Kg6 65. e5 f5 66. f4 g4
67. Ba5 Bd7 68. Bd8 Kf7 69. Bh4 1/2-1/2

[Event "ch-FRA Accession 2014"]
[Site "Nimes FRA"]
[Date "2014.08.24"]
[Round "7.11"]
[White "Gervasio, Ricardo"]
[Black "Collas, Didier"]
[Result "0-1"]
[BlackTitle "IM"]
[WhiteElo "2239"]
[BlackElo "2362"]
[WhiteFideId "2104997"]
[BlackFideId "602680"]
[EventDate "2014.08.17"]

1. d4 Nf6 2. c4 g6 3. Nc3 Bg7 4. e4 d6 5. f4 O-O 6. Nf3 c5 7. d5 e6 8. Be2 exd5
9. cxd5 Re8 10. e5 dxe5 11. fxe5 Ng4 12. e6 fxe6 13. d6 Nc6 14. O-O c4 15. Bxc4
Bd7 16. Ne4 Rc8 17. Bg5 Qb6+ 18. Kh1 Ne3 19. Bxe3 Qxe3 20. Re1 Qb6 21. Neg5 Nd4
22. b3 Qxd6 23. Nxd4 Bxd4 24. Qf3 Qe7 25. Rad1 Qxg5 26. Rxd4 Bc6 27. Qe2 Rcd8
28. Rg4 Qf6 29. h4 Rd4 30. h5 Rxg4 31. Qxg4 Kg7 32. Kg1 a5 33. hxg6 Qxg6 34.
Qxg6+ hxg6 35. Rxe6 Rxe6 36. Bxe6 Kf6 37. Bg8 Ke5 38. Kf2 Kd4 39. g3 b5 40. Ke2
Kc3 41. Ke3 b4 42. Kf4 Kb2 43. Bf7 Kxa2 44. g4 Bb5 45. g5 Bd3 46. Ke5 Ka3 47.
Kf6 a4 48. bxa4 Kxa4 0-1

[Event "ch-FRA Accession 2014"]
[Site "Nimes FRA"]
[Date "2014.08.24"]
[Round "7.12"]
[White "Burri, Quentin"]
[Black "Favarel, Antoine"]
[Result "0-1"]
[BlackTitle "FM"]
[WhiteElo "2211"]
[BlackElo "2362"]
[WhiteFideId "26028654"]
[BlackFideId "642371"]
[EventDate "2014.08.17"]

1. e4 c5 2. Nf3 Nc6 3. Nc3 g6 4. Bb5 Nd4 5. Bc4 Bg7 6. O-O e6 7. d3 Ne7 8. Bf4
d6 9. Nxd4 cxd4 10. Ne2 O-O 11. Qd2 e5 12. Bh6 Be6 13. Bxg7 Kxg7 14. Bxe6 fxe6
15. c3 dxc3 16. Nxc3 Nc6 17. Rac1 Qb6 18. Ne2 Rf7 19. Ng3 Raf8 20. h4 h6 21. Nh1
Kh7 22. Kh2 Rf4 23. Kh3 Qd8 24. g3 Rf3 25. Rc3 Qb6 26. Rb3 Qa6 27. Ra3 Qb6 28.
Rb3 Qc7 29. Rc3 Qa5 30. Rd1 R8f7 31. Kg2 Qb6 32. Rdc1 Kg7 33. Rb3 Qa6 34. Ra3
Qb5 35. Rb3 Qa6 36. Ra3 Qb6 37. Rb3 Qc7 38. Ra3 Qd8 39. Rb3 R3f6 40. Ra3 Kh7 41.
b4 Qb6 42. Rb3 Nd4 43. Rbb1 Nf3 44. Qe2 g5 45. hxg5 hxg5 46. Rc8 g4 0-1

[Event "ch-FRA Accession 2014"]
[Site "Nimes FRA"]
[Date "2014.08.24"]
[Round "7.13"]
[White "Veys, Vincent"]
[Black "Giroyan, Gary"]
[Result "1-0"]
[BlackTitle "IM"]
[WhiteElo "2143"]
[BlackElo "2359"]
[WhiteFideId "20641567"]
[BlackFideId "680281"]
[EventDate "2014.08.17"]

1. e4 c5 2. Nf3 d6 3. d4 cxd4 4. Nxd4 Nf6 5. Nc3 a6 6. Be2 Nbd7 7. O-O e6 8. f4
b5 9. Bf3 Bb7 10. Qe2 h5 11. e5 dxe5 12. fxe5 Bxf3 13. Nxf3 Ng4 14. Bf4 Rc8 15.
h3 Rc4 16. Ne4 Nc5 17. Rad1 Qb6 18. Nd6+ Bxd6 19. Rxd6 Qa7 20. Be3 Rxc2 21. Qd1
Rxg2+ 22. Kh1 Qa8 23. Bxc5 Rg3 24. Rd7 Rxh3+ 25. Kg2 Rxf3 26. Re7+ 1-0

[Event "ch-FRA Accession 2014"]
[Site "Nimes FRA"]
[Date "2014.08.24"]
[Round "7.14"]
[White "Bricard, Emmanuel"]
[Black "Malka, Samuel"]
[Result "0-1"]
[WhiteTitle "GM"]
[WhiteElo "2457"]
[BlackElo "2226"]
[WhiteFideId "600245"]
[BlackFideId "20643675"]
[EventDate "2014.08.17"]

1. f4 Nf6 2. Nf3 g6 3. g3 Bg7 4. Bg2 O-O 5. O-O d6 6. d3 e5 7. e4 exf4 8. gxf4
d5 9. e5 Ng4 10. d4 Bf5 11. b3 Nc6 12. Qd2 b5 13. Nc3 Nb4 14. Ne1 c6 15. Ba3 a5
16. Ne2 Re8 17. Ng3 Nxh2 18. Rf2 Ng4 19. Nxf5 gxf5 20. Rf3 f6 21. c3 Na6 22. Nd3
b4 23. cxb4 axb4 24. Bxb4 Nxb4 25. Qxb4 fxe5 26. fxe5 Qh4 27. Rh3 Qg5 28. Qe1
Bh6 29. a4 Kh8 30. Kh1 Rg8 31. Bf3 Rg6 32. Ra2 Ne3 33. Rh5 Qe7 34. Rah2 Bg5 35.
Nf2 Rag8 36. Nh3 f4 37. a5 Nf5 38. Nxg5 Rxg5 39. Rxg5 Rxg5 40. Rg2 Nxd4 41. e6
Nxf3 42. Qc3+ Re5 43. Qxf3 Re1+ 0-1

[Event "ch-FRA Accession 2014"]
[Site "Nimes FRA"]
[Date "2014.08.24"]
[Round "7.15"]
[White "Mouhamad, Joachin"]
[Black "Sochacki, Christophe"]
[Result "0-1"]
[BlackTitle "IM"]
[WhiteElo "2224"]
[BlackElo "2431"]
[WhiteFideId "656410"]
[BlackFideId "662569"]
[EventDate "2014.08.17"]

1. e4 g6 2. d4 Nf6 3. e5 Nh5 4. Be2 d6 5. Nc3 dxe5 6. dxe5 Qxd1+ 7. Bxd1 Bd7 8.
Nf3 Nc6 9. h3 O-O-O 10. O-O f5 11. Re1 e6 12. g4 Ng7 13. Bh6 Rg8 14. a3 Be7 15.
b4 a6 16. Be2 g5 17. Bxg7 Rxg7 18. Bd3 fxg4 19. hxg4 Rf8 20. Kg2 Rgf7 21. Re3 h5
22. Bg6 hxg4 23. Bxf7 gxf3+ 24. Rxf3 Nxe5 25. Bxe6 Nxf3 26. Bxd7+ Kxd7 27. Rd1+
Ke6 28. Ne4 Rf4 0-1

[Event "ch-FRA Accession 2014"]
[Site "Nimes FRA"]
[Date "2014.08.25"]
[Round "8.1"]
[White "Buscara, Sevan"]
[Black "Lagarde, Maxime"]
[Result "0-1"]
[WhiteTitle "FM"]
[BlackTitle "GM"]
[WhiteElo "2348"]
[BlackElo "2534"]
[WhiteFideId "650234"]
[BlackFideId "662399"]
[EventDate "2014.08.17"]

1. g3 g6 2. Bg2 Bg7 3. d4 d6 4. Nc3 c6 5. Nf3 Nd7 6. O-O Qc7 7. Bg5 h6 8. Bd2 e5
9. dxe5 dxe5 10. Qc1 Ne7 11. a4 a5 12. b3 b6 13. Ne1 Bb7 14. Nd3 h5 15. Qa3 Nf5
16. f4 h4 17. g4 h3 18. Bf3 Nd4 19. Rac1 c5 20. Rf2 f5 21. Bd5 e4 22. Ne1 Nf6
23. Bxb7 Qxb7 24. g5 Ng4 25. e3 O-O-O 0-1

[Event "ch-FRA Accession 2014"]
[Site "Nimes FRA"]
[Date "2014.08.25"]
[Round "8.2"]
[White "Moussard, Jules"]
[Black "Demuth, Adrien"]
[Result "1-0"]
[WhiteTitle "IM"]
[BlackTitle "IM"]
[WhiteElo "2423"]
[BlackElo "2518"]
[WhiteFideId "642908"]
[BlackFideId "642274"]
[EventDate "2014.08.17"]

1. g3 Nf6 2. Bg2 e5 3. c4 c6 4. Nf3 e4 5. Nd4 d5 6. cxd5 Qxd5 7. Nc2 Qh5 8. h3
Bd6 9. Nc3 Qg6 10. Ne3 O-O 11. Qc2 Re8 12. b3 a5 13. O-O Na6 14. a3 Nc5 15. Bb2
Be6 16. b4 Nb3 17. Rae1 axb4 18. Nxe4 Nxe4 19. Bxe4 Qh5 20. axb4 Bxb4 21. Bc3
Bxc3 22. Qxc3 Rad8 23. Bd3 Qxh3 24. Ng2 Nd4 25. Nf4 Qg4 26. Kg2 Bd5+ 27. f3 Qg5
28. Qxd4 h5 29. Qf2 1-0

[Event "ch-FRA Accession 2014"]
[Site "Nimes FRA"]
[Date "2014.08.25"]
[Round "8.3"]
[White "Apicella, Manuel"]
[Black "Mancini, Mario"]
[Result "1-0"]
[WhiteTitle "GM"]
[BlackTitle "FM"]
[WhiteElo "2520"]
[BlackElo "2209"]
[WhiteFideId "600164"]
[BlackFideId "605077"]
[EventDate "2014.08.17"]

1. e4 c5 2. Nf3 e6 3. d4 cxd4 4. Nxd4 a6 5. Nc3 b5 6. Be2 Bb7 7. Bf3 Qc7 8. O-O
b4 9. Na4 Nf6 10. e5 Nd5 11. Re1 Be7 12. Nf5 Bf8 13. Bxd5 Bxd5 14. Nd6+ Ke7 15.
Bg5+ f6 16. exf6+ 1-0

[Event "ch-FRA Accession 2014"]
[Site "Nimes FRA"]
[Date "2014.08.25"]
[Round "8.4"]
[White "Bellahcene, Bilel"]
[Black "Barbot, Pierre1"]
[Result "0-1"]
[WhiteTitle "FM"]
[BlackTitle "FM"]
[WhiteElo "2357"]
[BlackElo "2409"]
[WhiteFideId "696358"]
[BlackFideId "663727"]
[EventDate "2014.08.17"]

1. d4 Nf6 2. c4 g6 3. Nc3 d5 4. cxd5 Nxd5 5. Bd2 Bg7 6. e4 Nb6 7. Be3 O-O 8. Bb5
a6 9. Be2 f5 10. Qb3+ Kh8 11. exf5 Bxf5 12. Nf3 Qd6 13. O-O Nc6 14. d5 Na5 15.
Qd1 Rad8 16. Rc1 Nac4 17. Bd4 Ne5 18. Nxe5 Bxe5 19. Re1 Nxd5 20. Bxe5+ Qxe5 21.
Bf3 Nxc3 22. Qxd8 Qxe1+ 23. Rxe1 Rxd8 24. bxc3 b6 25. g4 Bc2 26. Rxe7 Rd3 27.
Be2 Rxc3 28. Bxa6 Bb1 29. a4 Ba2 30. f4 Bc4 31. Bc8 Bb3 32. f5 gxf5 33. Bxf5
Bxa4 34. Rxh7+ Kg8 35. Re7 Bc2 36. Be6+ Kf8 37. Rf7+ Ke8 38. g5 b5 39. Rf4 Ke7
40. Bf5 Bxf5 41. Rxf5 b4 42. g6 Rc6 43. Rg5 Kf8 44. Kf2 b3 45. Rg1 Rc2+ 46. Ke3
c5 47. h4 b2 48. Rb1 c4 49. h5 c3 50. Rf1+ Ke7 51. g7 Rg2 52. Kd3 c2 53. g8=Q
c1=N+ 54. Kc3 b1=N+ 55. Kd4 Ne2+ 56. Ke3 Rxg8 57. Rxb1 Ng3 58. Rb5 Rh8 59. Kf4
Nxh5+ 60. Ke5 Nf6 61. Rb7+ Nd7+ 62. Kf5 Rh5+ 63. Ke4 Ke6 64. Kf4 Rf5+ 65. Kg4
Ne5+ 66. Kg3 Rf3+ 67. Kg2 Ra3 68. Kf2 Nc6 69. Ke2 Kd5 70. Rd7+ Ke4 71. Kd2 Ne5
72. Rd8 Rh3 73. Kc2 Nc6 74. Rd6 Nd4+ 75. Kd2 Rd3+ 0-1

[Event "ch-FRA Accession 2014"]
[Site "Nimes FRA"]
[Date "2014.08.25"]
[Round "8.5"]
[White "Navrotescu, Catalin"]
[Black "Fantinel, Thibault"]
[Result "1/2-1/2"]
[WhiteTitle "IM"]
[BlackTitle "FM"]
[WhiteElo "2406"]
[BlackElo "2272"]
[WhiteFideId "1200208"]
[BlackFideId "663395"]
[EventDate "2014.08.17"]

1. d4 d5 2. c4 c6 3. Nf3 Nf6 4. Nc3 dxc4 5. g3 g6 6. Bg2 Bg7 7. O-O O-O 8. e4 b5
9. Qc2 Na6 10. a3 Bb7 11. Be3 Ng4 12. Bf4 e5 13. dxe5 Qe7 14. Rad1 Nc5 15. h3
Nxe5 16. Nxe5 Bxe5 17. Bxe5 Qxe5 18. f4 Qe7 19. e5 Rad8 20. Ne4 Nxe4 21. Qxe4
Bc8 22. Qxc6 b4 23. axb4 Qxb4 24. Bd5 Rxd5 25. Qxd5 Bxh3 26. Rf2 Be6 27. Qd2 Qb3
28. Kh2 Rc8 29. f5 Bxf5 30. Rxf5 gxf5 31. Qg5+ Kh8 32. Qf6+ Kg8 33. Qg5+ Kh8 34.
Qf6+ Kg8 35. Qg5+ Kh8 1/2-1/2

[Event "ch-FRA Accession 2014"]
[Site "Nimes FRA"]
[Date "2014.08.25"]
[Round "8.6"]
[White "Wirig, Anthony"]
[Black "Collas, Didier"]
[Result "1-0"]
[WhiteTitle "GM"]
[BlackTitle "IM"]
[WhiteElo "2506"]
[BlackElo "2362"]
[WhiteFideId "615013"]
[BlackFideId "602680"]
[EventDate "2014.08.17"]

1. d4 Nf6 2. Nf3 g6 3. Bg5 Bg7 4. c3 d6 5. e3 h6 6. Bh4 g5 7. Bg3 Nh5 8. Nfd2
Nxg3 9. hxg3 Nd7 10. g4 Nf6 11. Be2 Qd7 12. f3 d5 13. Nf1 h5 14. gxh5 Rxh5 15.
Rxh5 Nxh5 16. g4 Nf6 17. Qb3 Qd6 18. Nbd2 c5 19. Qa3 b6 20. Nb3 Nd7 21. Bb5 Qf6
22. dxc5 Qxf3 23. cxb6 d4 24. Nbd2 Qd5 25. Qb3 Qh1 26. exd4 Qh4+ 27. Kd1 axb6
28. Qd5 Ra5 29. Qc6 Kd8 30. Ne3 e6 31. Kc2 Ra7 32. Qf3 Qh7+ 33. Bd3 Qg8 34. Ne4
Bb7 35. Qg3 Bf8 36. Nf6 Nxf6 37. Qb8+ Bc8 38. Qxa7 Nd7 39. Qa8 Bd6 40. Nc4 Bc7
41. a4 1-0